| 000 | 01084nam a22002537a 4500 | ||
|---|---|---|---|
| 999 |
_c7703 _d7703 |
||
| 003 | AR-CdUCM | ||
| 008 | 190321b ||||| |||| 00| 0 spa d | ||
| 040 |
_aMUNICIPALIDAD PROVINCIAL DEL CUSCO _cBIBLIOTECA MUNICIPAL DEL CUSCO |
||
| 041 | _heng | ||
| 082 |
_a628.53 / _bR84 |
||
| 100 |
_aRoss, Richard D. _921758 |
||
| 245 | _aLa industria y la contaminación del aire / | ||
| 260 |
_aMéxico, D. F. : _bDiana, _c1974. |
||
| 300 |
_a539 páginas ; _bilustraciones, diagramas, _c24 cm. |
||
| 500 | _aTítulo original: Air pollution and industry. | ||
| 505 | _aContenido: Efectos de la contaminación del aire en el ambiente -- Tendencias legislativas y reglamentarias relativas al control y a la prevención de la contaminación del aire -- Contaminantes del aire -- Técnicas para el análisis de los contaminantes del aire ... | ||
| 650 |
_aAire _915839 |
||
| 650 |
_aIndustria _94386 |
||
| 650 |
_aContaminación. _98804 |
||
| 700 |
_aOrtíz, María (traducción) _921759 |
||
| 710 |
_aCentro Regional de ayuda Técnica - AID. _921728 |
||
| 942 |
_2ddc _cLIBROS |
||
| 945 | _aachl | ||